000 00487nam a2200181Ia 4500
003 GCL
008 140319s9999 xx 000 0 eng d
040 _aGCL /
_cGCL
082 0 4 _a621.4021
_bJ R
100 1 _aJOEL, RAYNER
245 1 0 _aBASIC ENGINEERING THERMODYNAMICS /
_cJOEL, RAYNER
260 _a[S.N] :
_bELBS LONGMAN ،
_c1987
300 _a803\P
650 0 4 _aالتحليل الرياضى
650 0 4 _aELECTRIC ENGINEERING
650 0 4 _aELECTRODYNAMICS
942 _2ddc
_cBK
999 _c19919
_d19919